|
|
|
|
| LEADER |
00000nam0a2200000 4500 |
| 001 |
19596 |
| 005 |
20231101205305.0 |
| 035 |
|
|
|a (RuTPU)RU\TPU\book\19763
|
| 035 |
|
|
|a BOOK00000025
|
| 090 |
|
|
|a 19596
|
| 100 |
|
|
|a 20011209d1990 k y0rusy50 ca
|
| 101 |
0 |
|
|a rus
|
| 102 |
|
|
|a RU
|
| 105 |
|
|
|a y z 000zy
|
| 200 |
1 |
|
|a Философские произведения
|f П. Д. Юркевич
|
| 210 |
|
|
|a Москва
|c Правда
|d 1990
|
| 215 |
|
|
|a 669 с.
|
| 606 |
1 |
|
|a Общественная мысль
|x Философия
|y Россия
|z 19 в.
|2 stltpush
|3 (RuTPU)RU\TPU\subj\46653
|9 65770
|
| 610 |
1 |
|
|a философия
|
| 610 |
1 |
|
|a русская философия
|
| 610 |
1 |
|
|a история
|
| 610 |
1 |
|
|a 19 век
|
| 686 |
|
|
|a Ю3(2)50
|v LBC/SL-A
|2 rubbk
|
| 700 |
|
1 |
|a Юркевич
|b П. Д.
|c русский философ и педагог
|c объективный идеалист
|f 1826-1874
|g Памфил Данилович
|2 stltpush
|3 (RuTPU)RU\TPU\pers\13051
|9 3751
|
| 801 |
|
0 |
|a RU
|b 63413507
|c 20011209
|g PSBO
|
| 801 |
|
2 |
|a RU
|b 63413507
|c 20141110
|g PSBO
|
| 942 |
|
|
|c BK
|